| 000 -ლიდერი |
| ფიქსირებული სიგრძის საკონტროლო ველი |
01067nam a2200229Ia 4500 |
| 001 - საკონტროლო ნომერი |
| საკონტროლო ველი |
6408 |
| 003 - საკონტროლო ნომრის იდენტიფიკატორი |
| საკონტროლო ველი |
GE_BSU |
| 005 - ბოლო ოპერაციის თარიღი და დრო |
| საკონტროლო ველი |
20190611181150.0 |
| 008 - ფიქსირებული სიგრძის მონაცემთა ელემენტები - ზოგადი ინფორმაცია |
| ფიქსირებული სიგრძის საკონტროლო ველი |
181216s1962||||ge |||||||||||||| ||geo|| |
| 040 ## - კატალოგიზაციის წყარო |
| Transcribing agency |
GE_BSU |
| 041 ## - ენის კოდი |
| Language code of text/sound track or separate title |
geo |
| 080 ## - უნივერსალური ათობითი კლასიფიკაციის ინდექსი |
| Universal Decimal Classification number |
625.11(075.8) + 725.4 კ-73 |
| 100 ## - მთავარი ჩანაწერი - პიროვნების სახელი |
| Personal name |
კონიაშვილი, ა. |
| 9 (RLIN) |
684 |
| 245 ## - ცნობა სათაურის შესახებ |
| Title |
რკინიგზის კვლევა-ძიება და დაგეგმარება. პირველი ნაწილი : |
| Remainder of title |
სახელმძღვ. / |
| Statement of responsibility, etc |
ა.კონიაშვილი ; რედ. ნ. როინიშვილი. |
| 264 ## - წარმოების, გამოცემის, დისტრიბუციის და სხვა ცნობები |
| გამოცემის, წარმოების, დისტრიბუციის... ადგილი |
თბილისი : |
| გამოცემის, წარმოების, დისტრიბუციის... სახელწოდება |
სპი, |
| გამოცემის, წარმოების, დისტრიბუციის... თარიღი |
1962. |
| 300 ## - ფიზიკური აღწერა |
| Extent |
286 გვ. : |
| Other physical details |
ნახაზები, დანართები : გვ. 273 ; |
| Dimensions |
22 სმ. |
| 300 ## - ფიზიკური აღწერა |
| Accompanying material |
. |
| 653 ## - INDEX TERM--UNCONTROLLED |
| Uncontrolled term |
რკინიგზის კვლევა-ძიება და დაგეგმარება |
| 653 ## - INDEX TERM--UNCONTROLLED |
| Uncontrolled term |
რკინიგზა |
| 700 ## - ADDED ENTRY--PERSONAL NAME |
| Personal name |
როინიშვილი, ნ. |
| Relator term |
რედაქტორი |
| 9 (RLIN) |
2415 |
| 942 ## - ADDED ENTRY ELEMENTS (KOHA) |
| Koha item type |
წიგნი |
| Source of classification or shelving scheme |
|